000 00492nam a2200169 4500
001 143120
003 ES-MaACL
005 20230906200729.0
007 t|
008 070214q1947 sp r ||||1| spa d
245 0 3 _aLa Semana Santa española.
260 _aMadrid :
_bDirección General de Turismo,
_c[1947?]
300 _a9 h, 7 lám. :
_bil. ;
_c23 cm.
650 0 0 _aSemana Santa.
_917034
710 1 _aEspaña.
_bDirección General de Turismo.
_9172729
852 _aES-MaACL
_j1877-F-19
999 _c143120
_d143120